Mildred minturn: A biography

Enregistré dans:
Détails bibliographiques
Auteur principal: Leslie Minturn Allison
Format: Livre
Langue:Undetermined
Publié: Québec, Canada Shoreline 1995
Sujets:
Tags: Ajouter un tag
Pas de tags, Soyez le premier à ajouter un tag!
Thư viện lưu trữ: Trung tâm Học liệu Trường Đại học Cần Thơ
LEADER 00502nam a2200181Ia 4500
001 CTU_41263
008 210402s9999 xx 000 0 und d
082 |a 973.91 
082 |b A439 
100 |a Leslie Minturn Allison 
245 0 |a Mildred minturn: A biography 
245 0 |c Leslie Minturn Allison 
260 |a Québec, Canada 
260 |b Shoreline 
260 |c 1995 
650 |a united states - biography 
904 |i Minh, 010517 
980 |a Trung tâm Học liệu Trường Đại học Cần Thơ